Most Capped Footballers For Clubs - Statistics

General Stats
  • This quiz has been taken 33 times
  • The average score is 5 of 36
Answer Stats
Clubs Most Capped Second Most Third Most % Correct
Barcelona Lionel Messi Xavi Hernandez Sergio Busquets
87%
Real Madrid Raul Gonzalez Iker Casillas Manolo Sanchis
71%
Manchester United Ryan Giggs Bobby Charlton Paul Scholes
71%
Roma Francesco Totti Daniele De Rossi Giacomo Losi
52%
AC Milan Paolo Maldini Franco Baresi Alessandro Costacurta
45%
Juventus Alessandro Del Piero Gianluigi Buffon Giorgio Chiellini
39%
Inter Milan Javier Zanetti Giuseppe Bergomi Giacinto Facchetti
29%
Napoli Marek Hamsik Giuseppe Bruscolotti Antonio Juliano
23%
Marseille Steve Mandanda Mathieu Valbuena Benoit Cheyrou
13%
Sevilla Jesus Navas Manolo Jimenez Rafa Paz
10%
Bayern Munich Sepp Maier Oliver Kahn Thomas Muller
10%
Liverpool Ian Callaghan Jamie Carragher Steven Gerrard
6%
Celtic Billy McNeill Alec McNair Paul McStay
3%
Villarreal Bruno Soriano Manu Trigueros Mario Gaspar
3%
Arsenal David O'Leary Tony Adams George Armstrong
3%
Valencia Fernando Gomez Ricardo Arias David Albelda
3%
Hamburg Manfred Kaltz Uwe Seelar Horst Schnoor
3%
Borussia Dortmund Michael Zorc Roman Weidenfeller Mats Hummels
3%
Chelsea Ron Harris Peter Bonetti John Terry
3%
Tottenham Hotspur Steve Perryman Gary Mabbutt Pat Jennings
3%
Atletico Madrid Adelardo Rodriguez Koke Resurreccion Tomas Renones
0%
Manchester City Alan Oakes Joe Carrigan Mike Doyle
0%
Nottingham Forest Bob McKinlay Ian Bowyer Steve Chettle
0%
Aston Villa Charlie Aitken Billy Walker Gordon Cowans
0%
Eintracht Frankfurt Charly Kobel Jurgen Grabowski Bernd Nickel
0%
PSV Eindhoven Jan Heintze Willy van der Kuijlen Willy van der Kerkhof
0%
Monaco Jean Luc Ettori Claude Puel Manuel Amoros
0%
Paris Saint Germain Jean Marc Pilorget Sylvain Armand Marco Verratti
0%
Porto Joao Pinto Vitor Baia Aloisio
0%
Schalke 04 Klaus Fichtel Norbert Nigbur Olaf Thon
0%
Red Star Belgrade Milan Borjan Nenad Milijas Milan Rodic
0%
Benfica Nene Veloso Luisao
0%
Bayer Leverkusen Rudiger Vollborn Thomas Horster Ulf Kirsten
0%
Ajax Sjaak Swart Wim Suurbier Danny Blind
0%
Steaua Bucuresti Tudorel Stoica Marius Lacatus Anghel Iordanescu
0%
Feyenoord Wim Jansen Ben Wijnstekers Sjaak Troost
0%
No matching quizzes found
Score Distribution
Percent of People with Each Score
Percentile by Number Answered
Your Score History
You have not taken this quiz